[Event "GRE-chT 49th"]
[Site "Thessaloniki"]
[Date "2022.08.14"]
[Round "4"]
[White "Georgiadis, Nikolaos Xant"]
[Black "Vagiakos, Fotios"]
[Result "1-0"]
[WhiteElo "1802"]
[BlackElo "1276"]
[PlyCount "69"]
[EventDate "2022.08.12"]
[EventType "team-swiss"]
[EventRounds "7"]
[EventCountry "GRE"]
[SourceTitle "EXT 2024"]
[Source "ChessBase"]
[SourceDate "2023.10.10"]
[SourceVersion "1"]
[SourceVersionDate "2023.10.10"]
[SourceQuality "1"]
[WhiteTeam "Xanthis"]
[BlackTeam "Livatheias"]
[WhiteTeamCountry "GRE"]
[BlackTeamCountry "GRE"]

1. Nf3 Nf6 2. g3 e6 3. Bg2 d5 4. d4 Be7 5. 0-0 0-0 6. c4 c5 7. cxd5 Nxd5 8. Nc3 Nb6 9. Bf4 Nc6 10. dxc5 Bxc5 11. Qb1 Be7 12. Rd1 Bd7 13. a4 a5 14. e4 h6 15. Nb5 Bf6 16. Bc7 Qc8 17. Bxb6 e5 18. Nd6 Qb8 19. Ra3 Ra6 20. Be3 Be7 21. Bf1 Bxd6 22. Bxa6 Bg4 23. Be2 Bxa3 24. bxa3 Be6 25. Bb6 Bg4 26. Qd3 Qc8 27. Nh4 Bxe2 28. Qxe2 Qe6 29. Nf5 Qb3 30. Qg4 g6 31. Nxh6+ Kg7 32. Be3 Rh8 33. Nf5+ Kg8 34. Rd6 Kf8 35. Bc5 1-0

[Event "GRE-ch Schools Lykeia 30th"]
[Site "Peristeri"]
[Date "2018.04.02"]
[Round "7"]
[White "Bardis, Harilaos Panagiotis"]
[Black "Georgiadis, Nikolaos Xant"]
[Result "1-0"]
[WhiteElo "1802"]
[BlackElo "1852"]
[PlyCount "79"]
[EventDate "2018.04.01"]
[EventType "swiss (rapid)"]
[EventRounds "9"]
[EventCountry "GRE"]
[SourceTitle "EXT 2019"]
[Source "ChessBase"]
[SourceDate "2018.10.10"]
[SourceVersion "1"]
[SourceVersionDate "2018.10.10"]
[SourceQuality "1"]

1. e4 e5 2. Nf3 Nc6 3. d4 exd4 4. Nxd4 Bc5 5. Nb3 Bb6 6. Nc3 Qf6 7. Qe2 Qg6 8. Be3 Nf6 9. f3 0-0 10. 0-0-0 Bxe3+ 11. Qxe3 a5 12. a3 Ne5 13. g4 h5 14. h3 h4 15. Nd4 d6 16. Kb1 c6 17. f4 Ned7 18. Nf5 b5 19. Ne7+ Kh7 20. Nxg6 fxg6 21. Qf2 b4 22. Qxh4+ Kg8 23. Bc4+ d5 24. exd5 Nb6 25. Ba2 bxc3 26. d6+ Nbd5 27. Bxd5+ Nxd5 28. b3 a4 29. b4 Bb7 30. f5 g5 31. Qxg5 c5 32. Rxd5 Rf6 33. Rhd1 Bxd5 34. Rxd5 cxb4 35. axb4 a3 36. Ka2 Rd8 37. d7 Kf7 38. Kxa3 Ra8+ 39. Kb3 Rd8 40. Rd6 1-0

[Event "GRE-chT 44th"]
[Site "Achaia"]
[Date "2016.07.08"]
[Round "5.15"]
[White "Georgiadis, Nikolaos Xant"]
[Black "Vitsaxakis, Nikolaos"]
[Result "0-1"]
[WhiteElo "1591"]
[BlackElo "1841"]
[PlyCount "84"]
[EventDate "2016.07.05"]
[EventType "team-swiss"]
[EventRounds "7"]
[EventCountry "GRE"]
[SourceTitle "CBM 173 Extra"]
[Source "ChessBase"]
[SourceDate "2016.08.29"]
[SourceVersion "1"]
[SourceVersionDate "2016.08.29"]
[SourceQuality "1"]
[WhiteTeam "Xanthi CN"]
[BlackTeam "St Nicholas Lato"]
[WhiteTeamCountry "GRE"]
[BlackTeamCountry "GRE"]

1. Nf3 g6 2. d4 Bg7 3. g3 Nf6 4. Bg2 0-0 5. c4 d6 6. 0-0 Nbd7 7. b3 e5 8. e3 Re8 9. Nc3 c6 10. Bb2 e4 11. Ng5 d5 12. cxd5 cxd5 13. Nh3 Nb8 14. Qe2 Nc6 15. Ba3 Bg4 16. Qb2 Qd7 17. Nf4 g5 18. Nfe2 h5 19. Rfc1 h4 20. Nd1 Qf5 21. gxh4 gxh4 22. Bd6 Bf3 23. Nf4 Rad8 24. Bc5 Nh5 25. Nxh5 Qxh5 26. Bxf3 exf3 27. Qc2 Qg4+ 28. Kf1 Qg2+ 29. Ke1 Nxd4 30. Bxd4 Bxd4 31. Rab1 Re4 32. Qc7 Rde8 33. Kd2 Bxe3+ 34. Nxe3 Qxf2+ 35. Kc3 Qxe3+ 36. Kb2 Qd4+ 37. Ka3 Qb4+ 38. Kb2 Re2+ 39. Ka1 Qd4+ 40. Qc3 Qxc3+ 41. Rxc3 f2 42. Rf3 Rd2 0-1

[Event "GRE-ch U14"]
[Site "Porto Rio"]
[Date "2016.07.02"]
[Round "7"]
[White "Panopoulos, Ioannis"]
[Black "Georgiadis, Nikolaos Xant"]
[Result "1/2-1/2"]
[WhiteElo "1979"]
[BlackElo "1615"]
[PlyCount "135"]
[EventDate "2016.06.28"]
[EventType "swiss"]
[EventRounds "9"]
[EventCountry "GRE"]
[SourceTitle "CBM 173 Extra"]
[Source "ChessBase"]
[SourceDate "2016.08.29"]
[SourceVersion "1"]
[SourceVersionDate "2016.08.29"]
[SourceQuality "1"]

1. d4 d5 2. c4 c6 3. Nf3 Nf6 4. Nc3 e6 5. Bg5 Nbd7 6. e3 Qa5 7. Bd3 Bb4 8. Rc1 dxc4 9. Bxf6 Nxf6 10. Bxc4 Nd5 11. Qc2 0-0 12. 0-0 Nxc3 13. bxc3 Bd6 14. e4 Bf4 15. Rcd1 Qh5 16. e5 f6 17. Qb3 Kh8 18. Bxe6 Bxe6 19. Qxe6 Rae8 20. Qd7 fxe5 21. dxe5 Rxe5 22. Qxb7 Re6 23. h3 Rg6 24. Kh1 Bb8 25. Qe7 Rgf6 26. Rd8 Qf7 27. Qxf7 R6xf7 28. Rfd1 Kg8 29. Rxf8+ Rxf8 30. Rd7 Re8 31. Kg1 a5 32. Kf1 Be5 33. Nxe5 Rxe5 34. Rd4 Kf7 35. Rc4 Rb5 36. Rxc6 Rb1+ 37. Ke2 Rb2+ 38. Ke3 Rxa2 39. Rc7+ Kf6 40. g4 a4 41. g5+ Kg6 42. h4 a3 43. c4 Ra1 44. Ra7 a2 45. Kf4 Rh1 46. Rxa2 Rxh4+ 47. Ke5 Rxc4 48. f4 Rc5+ 49. Ke4 Rc6 50. Rg2 Re6+ 51. Kf3 Rb6 52. Kg4 h5+ 53. Kf3 Kf5 54. Kg3 g6 55. Rc2 h4+ 56. Kxh4 Kxf4 57. Rf2+ Ke5 58. Kg4 Rb4+ 59. Kg3 Rb3+ 60. Kg2 Rb6 61. Rf8 Ra6 62. Kf3 Ra3+ 63. Kf2 Ra2+ 64. Kf1 Rh2 65. Rf6 Rh5 66. Rxg6 Kf5 67. Rg8 Rxg5 68. Rxg5+ 1/2-1/2

[Event "GRE-ch U14"]
[Site "Porto Rio"]
[Date "2016.07.01"]
[Round "6"]
[White "Georgiadis, Nikolaos Xant"]
[Black "Loukopoulos, Panagiotis Athanasi"]
[Result "0-1"]
[WhiteElo "1615"]
[BlackElo "1847"]
[PlyCount "98"]
[EventDate "2016.06.28"]
[EventType "swiss"]
[EventRounds "9"]
[EventCountry "GRE"]
[SourceTitle "CBM 173 Extra"]
[Source "ChessBase"]
[SourceDate "2016.08.29"]
[SourceVersion "1"]
[SourceVersionDate "2016.08.29"]
[SourceQuality "1"]

1. Nf3 d5 2. g3 Bg4 3. Bg2 Nd7 4. 0-0 c6 5. d3 Ngf6 6. Nbd2 e5 7. h3 Bh5 8. c4 Be7 9. a3 a5 10. b3 0-0 11. Bb2 d4 12. Qc2 Re8 13. e3 dxe3 14. fxe3 Bd6 15. g4 Bg6 16. Ne1 Qb6 17. Rf3 e4 18. dxe4 Nxe4 19. Qd3 Ne5 20. Bxe5 Bxe5 21. Nxe4 Rad8 22. Qe2 Bxe4 23. Rd1 Rxd1 24. Qxd1 Bxf3 25. Nxf3 Qxe3+ 26. Kh1 Bc7 27. Qd7 Bg3 28. Qd1 Qf2 29. b4 axb4 30. axb4 g6 31. Qf1 Qb2 32. b5 cxb5 33. cxb5 Ra8 34. Ng1 Ra1 35. Qc4 Bf2 36. Bf1 Bg3 37. Bg2 h6 38. Qc8+ Kh7 39. Qc5 Qf2 40. Qxf2 Bxf2 41. Bxb7 Rxg1+ 42. Kh2 Bb6 43. Bd5 f5 44. gxf5 gxf5 45. Bf3 f4 46. h4 Rg3 47. Bg2 Rxg2+ 48. Kxg2 Kg6 49. Kf3 Kf5 0-1

[Event "GRE-ch U12"]
[Site "Greece"]
[Date "2014.07.08"]
[Round "7"]
[White "Dimoulios, Ioannis"]
[Black "Georgiadis, Nikolaos Xant"]
[Result "0-1"]
[WhiteElo "1317"]
[BlackElo "1454"]
[PlyCount "140"]
[EventDate "2014.07.04"]
[EventType "swiss"]
[EventRounds "9"]
[EventCountry "GRE"]
[SourceTitle "EXT 2017"]
[Source "ChessBase"]
[SourceDate "2016.10.25"]
[SourceVersion "1"]
[SourceVersionDate "2016.10.25"]
[SourceQuality "1"]

1. e4 e5 2. Nf3 Nc6 3. Bc4 Bc5 4. b4 Bxb4 5. c3 Be7 6. 0-0 Nh6 7. d4 Na5 8. Be2 exd4 9. cxd4 d5 10. Qa4+ c6 11. e5 b5 12. Qc2 Bg4 13. Nbd2 f6 14. Nb3 Nxb3 15. axb3 Qb6 16. Bxh6 gxh6 17. exf6 Bxf6 18. Ne5 Bxe2 19. Qxe2 0-0-0 20. Rfc1 Bxe5 21. Qxe5 Rhe8 22. Qf5+ Rd7 23. Qh5 Re6 24. Qg4 Re4 25. Qh3 Rxd4 26. Qxh6 Rc7 27. g3 Kb7 28. Re1 Rd3 29. b4 Rf7 30. Rf1 Rb3 31. Qd2 Rff3 32. Qh6 Qc7 33. Qh4 h6 34. Qxh6 Rxb4 35. Qd2 Rc4 36. Kg2 Rf8 37. f4 Qh7 38. Rac1 Qe4+ 39. Kg1 Qd4+ 40. Qxd4 Rxd4 41. h4 a5 42. Kg2 a4 43. Rce1 a3 44. Re7+ Kb6 45. h5 Rd2+ 46. Kh3 a2 47. h6 b4 48. g4 b3 49. Re3 b2 50. Rb3+ Kc7 51. g5 a1Q 52. Rxa1 bxa1Q 53. f5 Qg1 54. Rg3 Rd3 55. Rxd3 Qf1+ 56. Kg4 Qxd3 57. f6 Rxf6 58. gxf6 Qg6+ 59. Kh4 Qxh6+ 60. Kg4 Qxf6 61. Kg3 Qf5 62. Kh4 Qg6 63. Kh3 Qg5 64. Kh2 Qg4 65. Kh1 d4 66. Kh2 d3 67. Kh1 d2 68. Kh2 d1N 69. Kh1 Ne3 70. Kh2 Qg2# 0-1

[Event "GRE-ch U12"]
[Site "Greece"]
[Date "2014.07.07"]
[Round "6"]
[White "Georgiadis, Nikolaos Xant"]
[Black "Nikolakis, Panagiotis Marios"]
[Result "0-1"]
[WhiteElo "1454"]
[BlackElo "1623"]
[PlyCount "121"]
[EventDate "2014.07.04"]
[EventType "swiss"]
[EventRounds "9"]
[EventCountry "GRE"]
[SourceTitle "EXT 2017"]
[Source "ChessBase"]
[SourceDate "2016.10.25"]
[SourceVersion "1"]
[SourceVersionDate "2016.10.25"]
[SourceQuality "1"]

1. d4 Nf6 2. c4 g6 3. Nf3 Bg7 4. b3 0-0 5. Bb2 d6 6. Nc3 c5 7. e3 cxd4 8. exd4 d5 9. g3 Qa5 10. Bg2 Ne4 11. Qc1 Nc6 12. Qe3 Nb4 13. Rc1 Nxa2 14. Rc2 Qb4 15. cxd5 Nexc3 16. Bxc3 Qxb3 17. Qd2 Nxc3 18. Rxc3 Qxd5 19. 0-0 Qd6 20. Qe3 Bf5 21. Rd1 Bd7 22. Ne5 Rac8 23. Nxd7 Qxd7 24. Ra3 b5 25. d5 Rc7 26. Rb1 Rfc8 27. h4 Rc5 28. Re1 Bf8 29. Rea1 R8c7 30. Ra5 Rc3 31. Qe2 b4 32. Qb2 Bg7 33. Qxb4 R3c4 34. Qb8+ Rc8 35. Qxa7 Qxa7 36. Rxa7 Bxa1 37. Rxa1 Rc1+ 38. Rxc1 Rxc1+ 39. Kh2 Kg7 40. g4 Rc4 41. Kg3 h5 42. gxh5 gxh5 43. Bf3 Kg6 44. Be2 Rd4 45. Bf3 Rd3 46. Kf4 Rxf3+ 47. Kxf3 Kf5 48. Kg3 Ke4 49. f3+ Ke3 50. Kg2 f5 51. Kg3 f4+ 52. Kg2 Ke2 53. Kh2 Kxf3 54. Kh3 Ke2 55. Kg2 f3+ 56. Kg3 f2 57. Kf4 f1Q+ 58. Kg5 Qf3 59. Kg6 Ke3 60. Kg5 Qg4+ 61. Kh6 0-1